000 00737nam a22001937a 4500
999 _c165477
_d165477
005 20190619143215.0
010 _aB-728376
020 _a9788126565566
_c299.00
035 _aB-728376
037 _bRK Books
_adpl
082 _a000
245 _aCTET exam goalpost:
_bpaper-II - maths/science solved papers class VI-VIII /
260 _c2017
_aNew Delhi
_bWiley India Pvt. Ltd.
270 _a4435-36/7, Ansari Road,Daryaganj
_bNew Delhi
_e110002
300 _c28cm(pbk)
_axii,411p
_bill.
500 _apaper-II, class vi-viii
942 _cEN
_2ddc
_h000
_mCTE